00825nam a2200205 a 450000100100000000500170001000800410002704000250006808200200009324501000011326000590021330000210027265000420029365000420033565000310037770000390040891000370044795201180048499900170060200004407020240412074303.0090925s1874 dr 000 p spa d aDO-SdBNPbspacBNPHU aRD861.08bL768q00aLira de Quisqueya :bpoesías dominicanas /cescogidas y seleccionadas por José Castellanos. aSanto Domingo :bImprenta de García Hermanos,c1874. a318 p. ;c23 cm. 4aPoesía dominicanaxColecciones9351 4aAutores dominicanosxSiglo xix923683 0aLiteratura dominicana.96712aCastellanos, José,ecomp.923684 aValidado. Control de calidad MFF 001050718RVaPDbPDcHDd2014-05-15iLF1l0oRD861.08 L768qp44070-10r2020-06-25w2020-06-25y1ZNo se presta c43559d43559